Information security management handbook Part-2 (Record no. 5621)

MARC details
000 -LEADER
fixed length control field 00532nam a2200169Ia 4500
003 - CONTROL NUMBER IDENTIFIER
control field SGT
082 ## - DEWEY DECIMAL CLASSIFICATION NUMBER
Classification number 658.0058
Item number TIP P-4
100 ## - MAIN ENTRY--PERSONAL NAME
Personal name Tipton, Harold F
245 ## - TITLE STATEMENT
Title Information security management handbook Part-2
250 ## - EDITION STATEMENT
Edition statement 5th Ed.
260 ## - PUBLICATION, DISTRIBUTION, ETC. (IMPRINT)
Name of publisher, distributor, etc Ayerban Publication
Place of publication, distribution, etc New York
Year of Publication 2014
300 ## - PAGE DESCRIPTION
No. of Pages V.p.
650 ## - SUBJECT ADDED ENTRY--TOPICAL TERM
Topical term or geographic name as entry element MANAGEMENT
653 ## - KEYWORDS--INDEX TERM
Keyword term USE OF CRYPTOGRAPHY,CRYPTOGRAPHY CONCEPTS METHODOLOGIES AND PRACTICES,PRIVATE KEY ALGORITHMS,PUBLIC KEY INFRASTRUCTURE,METHODS OF ATTACK
700 ## - ADDED ENTRY--PERSONAL NAME
Personal name Krause,Micki
942 ## - ADDED ENTRY ELEMENTS (KOHA)
Source of classification or shelving scheme Dewey Decimal Classification
Koha item type Books
Holdings
Withdrawn status Lost status Source of classification or shelving scheme Damaged status Use restrictions Not for loan Home library Current library Shelving location Date acquired SGTU Full call number Accession No. (Barcode) Date last seen Bill Date Koha item type Total Checkouts Collection code
    Dewey Decimal Classification   Restricted Access Not For Loan SGT Engineering Library SGT Engineering Library Reference Book 17/09/2013 SGTU 658.0058 TIP P-4 FE6174 26/11/2018 09/02/2015 Books    
    Dewey Decimal Classification       SGT Engineering Library SGT Engineering Library   17/09/2013 SGTU 658.0058 TIP P-7 FE6196 09/02/2015 09/02/2015 Books    
    Dewey Decimal Classification   Restricted Access Not For Loan SGT Engineering Library SGT Engineering Library Reference Book 17/09/2013 SGTU 658.0058 TIP P-1 FE6207 09/02/2015 09/02/2015 Books   ENGINEERING
    Dewey Decimal Classification       SGT Engineering Library SGT Engineering Library   17/09/2013 SGTU 658.0058 TIP P-1 FE6208 09/02/2015 09/02/2015 Books    
    Dewey Decimal Classification   Restricted Access Not For Loan SGT Engineering Library SGT Engineering Library Reference Book 17/09/2013 SGTU 658.0058 TIP P-3 FE6209 09/02/2015 09/02/2015 Books    
    Dewey Decimal Classification       SGT Engineering Library SGT Engineering Library   17/09/2013 SGTU 658.0058 TIP P-1 FE6210 09/02/2015 09/02/2015 Books    
    Dewey Decimal Classification   Restricted Access Not For Loan SGT Engineering Library SGT Engineering Library Reference Book 17/09/2013 SGTU 658.0058 TIP P-1 FE6223 09/02/2015 09/02/2015 Books    
    Dewey Decimal Classification   Restricted Access Not For Loan SGT Engineering Library SGT Engineering Library Reference Book 17/09/2013 SGTU 658.0058 TIP P-4 FE6225 09/02/2015 09/02/2015 Books    
    Dewey Decimal Classification       SGT Engineering Library SGT Engineering Library   17/09/2013 SGTU 658.0558 TIP P-2 FE6239 09/02/2015 09/02/2015 Books